[Event "AUTO-ADV-491"]
[Site "http://www.queenalice.com/game.php?id=210702"]
[Date "2007.5.14"]
[Round "1"]
[White "simina"]
[Black "astrologo"]
[Result "0-1"]
[WhiteElo "1830"]
[BlackElo "1974"]

1. e4 c5 2. Nf3 d6 3. d4 cxd4 4. Nxd4 Nf6 5. Nc3 a6 6. Be2 e5 7. Nb3 Be6 8. O-O
Be7 9. Be3 O-O 10. Kh1 d5 11. exd5 Nxd5 12. Nxd5 Bxd5 13. c4 Be6 14. Qc2 Qc7 15.
Rac1 Nc6 16. Rfd1 Rad8 17. Nd2 Nd4 18. Bxd4 Rxd4 19. b3 Rfd8 20. Nf3 Rxd1+ 21.
Rxd1 Rxd1+ 22. Qxd1 Qc5 23. Kg1 f5 24. Qd2 e4 25. Nd4 Qd6 26. Qd1 Bc8 27. Nc2
Qe5 0-1

[Event "AUTO-ADV-491"]
[Site "http://www.queenalice.com/game.php?id=210717"]
[Date "2007.5.14"]
[Round "1"]
[White "tewald"]
[Black "simina"]
[Result "0-1"]
[WhiteElo "1820"]
[BlackElo "1924"]

1. e4 c5 2. f4 d6 3. d3 Nc6 4. g3 Nf6 5. Bg2 Qb6 6. b3 Bg4 7. Nf3 e6 8. Be3 d5
9. e5 Nd7 10. O-O h5 11. Nbd2 O-O-O 12. Qb1 Qa6 13. c4 Bf5 14. Qb2 Bxd3 15. Rfe1
Nb6 16. Ng5 Bg6 17. Rec1 d4 18. Bf2 Nb4 19. Bf1 Nd7 20. a3 Nc6 21. b4 Qb6 22. b5
Ne7 23. Qb3 Nf5 24. Bd3 Be7 25. Ndf3 Rdf8 26. a4 a5 27. Kg2 Rh6 28. h4 f6 29.
exf6 gxf6 30. Ne4 Bf7 31. Nh2 Rg8 32. Rh1 Nxh4+ 33. Kf1 Nf5 34. Rg1 Nd6 35. Re1
e5 36. Nxd6+ Qxd6 37. fxe5 fxe5 38. Nf3 Be6 39. Re2 Bg4 40. Be4 Rf8 0-1

[Event "AUTO-ADV-491"]
[Site "http://www.queenalice.com/game.php?id=210718"]
[Date "2007.5.14"]
[Round "1"]
[White "simina"]
[Black "tewald"]
[Result "1-0"]
[WhiteElo "1957"]
[BlackElo "1831"]

1. e4 e6 2. d4 d5 3. Nc3 Bb4 4. e5 f6 5. Nf3 c5 6. a3 Bxc3+ 7. bxc3 c4 8. Be2 a5
9. a4 Nd7 10. Ba3 Ne7 11. O-O O-O 12. Qd2 h6 13. Nh4 fxe5 14. Bxe7 Qxe7 15. Ng6
Qf6 16. Nxf8 Qxf8 17. Qe3 e4 18. f3 exf3 19. Rxf3 Qe7 20. Raf1 Nf6 21. Rf4 Bd7
22. Bf3 Qf7 23. Qe5 Bc6 24. Bh5 Qe7 25. Rxf6 gxf6 26. Rxf6 Be8 27. Rxe6 Qd7 28.
Bxe8 Rxe8 29. Rxe8+ 1-0

[Event "AUTO-ADV-491"]
[Site "http://www.queenalice.com/game.php?id=210729"]
[Date "2007.5.14"]
[Round "1"]
[White "simina"]
[Black "Blackadder"]
[Result "0-1"]
[WhiteElo "1939"]
[BlackElo "1941"]

1. e4 c5 2. Nf3 Nc6 3. d4 cxd4 4. Nxd4 e5 5. Nf3 Nf6 6. Nc3 Bb4 7. Bd3 O-O 8.
O-O d6 9. h3 Be6 10. Ng5 h6 11. Nxe6 fxe6 12. Ne2 d5 13. c3 Be7 14. Ng3 Qd7 15.
Qc2 Rad8 16. Bb5 a6 17. Bd3 d4 18. Rd1 Kh8 19. a3 Rf7 20. c4 Rdf8 21. Rf1 a5 22.
Bd2 b6 23. Rac1 Bc5 24. Qb1 Qe7 25. Rce1 Nd7 26. Re2 Kh7 27. Qc2 Nf6 28. Kh1 Qd6
29. f4 Nd7 30. f5 Kg8 31. Ref2 Nf6 32. fxe6 Qxe6 33. Nf5 Kh7 34. Qc1 Ng8 35. Qe1
Nge7 36. Nh4 Rxf2 37. Rxf2 Rxf2 38. Qxf2 Ng8 39. g4 Be7 40. Nf5 Bf6 41. h4 g6
42. g5 gxf5 43. exf5 Qe7 44. gxf6 Qxf6 45. Qg3 Nge7 46. h5 Nd8 47. b4 axb4 48.
Bxb4 Ndc6 49. Qg4 Nxb4 50. axb4 Nc6 51. b5 Na5 52. Qg6+ Qxg6 53. fxg6+ Kg7 54.
Kg2 Kf6 55. Kf3 Nb3 56. Be4 Nc5 57. Bd5 Nd7 0-1

[Event "AUTO-ADV-491"]
[Site "http://www.queenalice.com/game.php?id=210730"]
[Date "2007.5.14"]
[Round "1"]
[White "Blackadder"]
[Black "simina"]
[Result "0-1"]
[WhiteElo "1897"]
[BlackElo "1968"]

1. d4 d5 2. Nf3 Nf6 3. g3 e6 4. Nc3 c5 5. Bg5 Nc6 6. Bg2 Bd7 7. O-O a6 8. a4 Rc8
9. e3 Qb6 10. Bxf6 gxf6 11. Qd2 Na5 12. b3 cxd4 13. Nxd4 Bb4 14. Nde2 Qc5 0-1

[Event "AUTO-MASTER-314"]
[Site "http://www.queenalice.com/game.php?id=210898"]
[Date "2007.5.14"]
[Round "1"]
[White "Ribar"]
[Black "simina"]
[Result "1-0"]
[WhiteElo "1875"]
[BlackElo "1949"]

1. e4 c5 2. Nf3 Nc6 3. d4 cxd4 4. Nxd4 Nf6 5. Nc3 d6 6. Be2 Bd7 7. Be3 a6 8. O-O
Rc8 9. f4 Qc7 10. Bf3 g6 11. Kh1 Bg7 12. Qe2 O-O 13. Rad1 Bh6 14. g4 Bg7 15. g5
Ne8 16. Nd5 Nxd4 17. Bxd4 Qxc2 18. Nxe7+ Kh8 19. Nxc8 Qxe2 20. Bxe2 Bxc8 21.
Bxg7+ Nxg7 22. Rxd6 1-0

[Event "AUTO-MASTER-314"]
[Site "http://www.queenalice.com/game.php?id=210899"]
[Date "2007.5.14"]
[Round "1"]
[White "simina"]
[Black "Ribar"]
[Result "0-1"]
[WhiteElo "1656"]
[BlackElo "1732"]

1. e4 c5 2. Nf3 Nf6 3. Nc3 e6 4. d4 cxd4 5. Nxd4 Bb4 6. Bd3 Qc7 7. Bd2 Nc6 8.
Ndb5 Qb8 9. a3 Be7 10. Ne2 a6 11. Nbc3 O-O 12. O-O Rd8 13. Bg5 d5 14. exd5 Nxd5
15. Ne4 f6 16. Bh4 Bd7 17. c4 Nf4 18. Nxf4 Qxf4 19. Bg3 Qh6 20. Bc7 Rdc8 21. Bb6
Ne5 22. b3 Bc6 23. Bc2 f5 24. Ng3 f4 25. Ne4 f3 26. Be3 Qh5 27. Ng3 Qf7 28. Be4
Bxe4 29. Nxe4 fxg2 30. f4 Nc6 31. Rf2 Rd8 32. Qc2 Nd4 33. Bxd4 Rxd4 34. Ng3 Rxf4
35. Kxg2 Rxf2+ 36. Qxf2 Qxf2+ 37. Kxf2 Bc5+ 38. Ke2 Rf8 39. Ne4 Bd4 40. Rd1 e5
41. Rd3 Rf4 42. Nd6 b6 43. Rf3 Rxf3 44. Kxf3 g6 45. b4 Kg7 46. Ne8+ Kf7 47. Nc7
a5 48. Nd5 axb4 49. axb4 Ke6 50. Ke4 g5 51. h3 h5 52. Nc7+ Kd6 53. Nb5+ Ke6 0-1

[Event "AUTO-MASTER-314"]
[Site "http://www.queenalice.com/game.php?id=210912"]
[Date "2007.5.14"]
[Round "1"]
[White "simina"]
[Black "Amadeus"]
[Result "0-1"]
[WhiteElo "1930"]
[BlackElo "1937"]

1. e4 g6 2. d4 Bg7 3. Nf3 d6 4. Bc4 Nf6 5. Nc3 O-O 6. h3 Nxe4 7. Nxe4 d5 8. Bd3
dxe4 9. Bxe4 c5 10. c3 cxd4 11. cxd4 Nc6 12. Be3 Qa5+ 13. Qd2 Qxd2+ 14. Kxd2 Rd8
15. d5 Bxb2 16. Rab1 Bf6 17. Rhd1 e6 18. Ke2 exd5 19. Bc2 b6 20. Nd4 Ba6+ 21.
Kf3 Rac8 22. Nxc6 Rxc6 23. Bd3 Bxd3 24. Rxd3 Be5 25. Rbd1 Rf6+ 26. Ke2 Rfd6 27.
Bd4 Re8 28. Be3 d4 29. Bc1 Rde6 30. Kf1 Rd8 31. Bb2 Red6 32. Ba3 Rd5 33. Be7 Re8
34. Bh4 Bg7 35. f3 Be5 36. Bf2 Red8 37. Ke2 Bf6 38. Bg1 Kg7 39. Bf2 a6 40. Bg1
b5 41. Bh2 Re8+ 42. Kf1 Rc8 43. Bg1 Rc4 44. Ke2 Rd6 45. R1d2 h5 46. Bh2 Re6+ 47.
Kf2 h4 48. g3 Bg5 49. Rb2 Rc3 50. Rd1 hxg3+ 51. Kxg3 d3 52. f4 d2+ 53. Kg4 Be7
54. f5 Re4+ 0-1

[Event "AUTO-MASTER-314"]
[Site "http://www.queenalice.com/game.php?id=210913"]
[Date "2007.5.14"]
[Round "1"]
[White "Amadeus"]
[Black "simina"]
[Result "1-0"]
[WhiteElo "1929"]
[BlackElo "1947"]

1. Nf3 d5 2. g3 c5 3. Bg2 Nf6 4. O-O Nc6 5. d3 e5 6. Nbd2 Qc7 7. e4 Be6 8. exd5
Bxd5 9. Bh3 Bd6 10. c4 Bxf3 11. Nxf3 O-O 12. Re1 Rfe8 13. Be3 Rad8 14. Bg5 Qb6
15. Qe2 e4 16. Bxf6 gxf6 17. dxe4 Kh8 18. Rab1 Qc7 19. Rbd1 Ne5 20. Bf5 Ng6 21.
a4 Be5 22. Rd2 Bd4 23. Red1 Qb6 24. a5 Qxa5 25. Nxd4 cxd4 26. Qh5 Qe5 27. f4 Qc7
28. Rxd4 Qb6 29. c5 Qc7 30. Rd5 Rxd5 31. Rxd5 Qa5 32. Kg2 Qb5 33. Rd2 Qb4 34.
Re2 Rg8 35. Kh1 Qd4 36. h3 Qd1+ 37. Kh2 Rg7 38. Bxg6 fxg6 39. Qg4 Rd7 40. Kg2
Kg7 41. e5 Rd2 42. exf6+ Kf7 43. Qe6+ 1-0

[Event "AUTO-MASTER-314"]
[Site "http://www.queenalice.com/game.php?id=210914"]
[Date "2007.5.14"]
[Round "1"]
[White "simina"]
[Black "astrologo"]
[Result "0-1"]
[WhiteElo "1811"]
[BlackElo "1993"]

1. e4 e5 2. Nf3 Nc6 3. Bc4 Nf6 4. Ng5 d5 5. exd5 Na5 6. Bb5+ Bd7 7. Be2 Nxd5 8.
d3 h6 9. Nf3 Bd6 10. O-O O-O 11. b3 Nc6 12. Bb2 Nf4 13. Re1 Nxe2+ 14. Qxe2 f6
15. Na3 Bg4 16. Nc4 Bc5 17. h3 Bh5 18. g4 Bf7 19. Rad1 b5 20. Ne3 a6 21. Nf5 Re8
0-1

[Event "AUTO-MASTER-314"]
[Site "http://www.queenalice.com/game.php?id=210915"]
[Date "2007.5.14"]
[Round "1"]
[White "astrologo"]
[Black "simina"]
[Result "0-1"]
[WhiteElo "1980"]
[BlackElo "1914"]

1. d4 d5 2. c4 Nf6 3. Nc3 e6 4. Bg5 Nbd7 5. cxd5 exd5 6. Nxd5 Nxd5 7. Bxd8 Bb4+
8. Qd2 Kxd8 9. Qxb4 Nxb4 10. Kd2 Nf6 11. f3 Nc6 12. e3 Ke7 13. Bc4 Rd8 14. Ne2
Ne5 15. Bb3 c5 16. Rac1 cxd4 17. exd4 Nc6 18. Rhe1 Kf8 19. Kc3 Bf5 20. Rcd1 Rac8
21. d5 Na5+ 22. Kb4 Nxb3 23. Kxb3 Bc2+ 24. Ka3 Bxd1 0-1

[Event "AUTO-OPEN-568"]
[Site "http://www.queenalice.com/game.php?id=219376"]
[Date "2007.6.1"]
[Round "2"]
[White "nandolessa"]
[Black "simina"]
[Result "1-0"]
[WhiteElo "1755"]
[BlackElo "1878"]

1. e4 c5 2. Nc3 Nc6 3. Nf3 Nf6 4. Bb5 Nd4 5. Nxd4 cxd4 6. Ne2 a6 7. Bc4 Qb6 8.
d3 d6 9. O-O e6 10. Re1 Be7 11. a3 O-O 12. b4 Bd7 13. Bb2 e5 14. Ng3 a5 15. c3
axb4 16. cxb4 Rfc8 17. Qb3 Ba4 18. Bxf7+ Kh8 19. Qe6 Qd8 20. Bc1 Bc2 21. Bg5
Bxd3 22. Nf5 Rc7 23. Rac1 Rd7 24. f3 Bb5 25. Qb3 d3 26. Re3 d2 27. Rd1 1-0

[Event "AUTO-OPEN-568"]
[Site "http://www.queenalice.com/game.php?id=219377"]
[Date "2007.6.1"]
[Round "2"]
[White "simina"]
[Black "nandolessa"]
[Result "1-0"]
[WhiteElo "1935"]
[BlackElo "1825"]

1. e4 e5 2. Nf3 Nc6 3. Bc4 Nf6 4. Ng5 d5 5. exd5 Nxd5 6. Nxf7 Kxf7 7. Qf3+ Qf6
8. Bxd5+ Ke7 9. Bxc6 bxc6 10. Qe3 Ba6 11. Qa3+ c5 12. Qxc5+ Qd6 13. Qe3 g6 14.
d3 Bb7 15. Nc3 Bxg2 16. Qg5+ 1-0

[Event "AUTO-OPEN-568"]
[Site "http://www.queenalice.com/game.php?id=219384"]
[Date "2007.6.1"]
[Round "2"]
[White "josecastroman"]
[Black "simina"]
[Result "1-0"]
[WhiteElo "1782"]
[BlackElo "1785"]

1. e4 c5 2. Nf3 Nc6 3. a3 e6 4. Bc4 Nf6 5. Nc3 a6 6. d3 Be7 7. h3 d6 8. Be3 Qc7
9. Qd2 O-O 10. O-O-O Rb8 11. g4 b5 12. Ba2 b4 13. axb4 Nxb4 14. Bb3 Bd7 15. Nb1
a5 16. c3 Nxd3+ 17. Qxd3 Rxb3 18. Nfd2 Rb7 19. f3 Rfb8 20. Nc4 Bb5 21. Nba3 Ba6
22. Qc2 d5 23. e5 1-0

[Event "AUTO-OPEN-568"]
[Site "http://www.queenalice.com/game.php?id=219385"]
[Date "2007.6.1"]
[Round "2"]
[White "simina"]
[Black "josecastroman"]
[Result "0-1"]
[WhiteElo "1802"]
[BlackElo "1765"]

1. e4 e5 2. Nf3 Nc6 3. Bc4 Bc5 4. b4 Bb6 5. O-O d6 6. c3 Bg4 7. a4 a6 8. h3 Bh5
9. d3 h6 10. a5 Ba7 11. Nbd2 Qf6 12. Qa4 Ne7 13. Qb3 O-O 14. Bb2 b5 15. axb6
Bxb6 16. Bxa6 g5 17. g4 Bg6 18. Kg2 Kh7 19. Nc4 Rg8 20. b5 Nb8 0-1